Les civilisations de l'Orient (Record no. 75599)

MARC details
000 -LEADER
campo de control de longitud fija 01027nam a2200241 i 4500
001 - NÚMERO DE CONTROL
campo de control 75599
003 - IDENTIFICADOR DE NÚMERO DE CONTROL
campo de control ES-MaACL
005 - FECHA Y HORA DE LA ÚLTIMA TRANSACCIÓN
campo de control 20250404190024.0
007 - CAMPO FIJO DE DESCRIPCIÓN FÍSICA--INFORMACIÓN GENERAL
campo de control de longitud fija t|
008 - DATOS DE LONGITUD FIJA--INFORMACIÓN GENERAL
campo de control de longitud fija 040927s1949 fr ||||1| fre d
100 1# - ENTRADA PRINCIPAL--NOMBRE DE PERSONA
Nombre de persona Grousset, René.
9 (RLIN) 60211
245 14 - MENCIÓN DEL TÍTULO
Título Les civilisations de l'Orient
Resto del título : L'Inde /
Mención de responsabilidad, etc. René Grousset.
260 ## - PUBLICACIÓN, DISTRIBUCIÓN, ETC.
Lugar de publicación, distribución, etc. Paris :
Nombre del editor, distribuidor, etc. Editions d'Histoire et d'Art,
Fecha de publicación, distribución, etc. 1949 (
Fabricante Meaux Plon)
300 ## - DESCRIPCIÓN FÍSICA
Extensión III, 171 p., 31 lám. :
Otras características físicas il. ;
Dimensiones 24 cm.
490 1# - MENCIÓN DE SERIE
Mención de serie Ars et historia
651 #4 - PUNTO DE ACCESO ADICIONAL DE MATERIA--NOMBRE GEOGRÁFICO
Nombre geográfico India-
Subdivisión general Civilización.
9 (RLIN) 8837
830 0# - PUNTO DE ACCESO ADICIONAL DE SERIE-TÍTULO UNIFORME
Título uniforme Ars et historia
9 (RLIN) 188921
852 ## - LOCALIZACIÓN
Ubicación ES-MaACL
Número de control de estantería D-6575
Sublocalización o colección R.30768
-- R.M.6166
itemnumber 78441
Ubicación en estantería Sala Valle Inclán
Marcas de propiedad Sello en tinta azul de la Biblioteca del Ateneo de Madrid
Anotaciones manuscritas Anotación manuscrita en cubierta: "2"
Nota libre Etiqueta en hoja de guarda: "Espasa-Calpe S.A. pesetas 34"
-- En cubierta: !16. ABR. 1951"
942 ## - ELEMENTOS DE ENTRADA SECUNDARIOS (KOHA)
Fuente del sistema de clasificación o colocación Clasificación decimal universal
Tipo de ítem Koha Libro impreso
Holdings
Estatus retirado Estado de pérdida Estado de daño No para préstamo Biblioteca de origen Biblioteca actual Ubicación en estantería Fecha de adquisición Fuente de adquisición Total de préstamos Signatura topográfica completa Código de barras Visto por última vez Precio de reemplazo Tipo de ítem Koha
        Biblioteca del Ateneo de Madrid Biblioteca del Ateneo de Madrid Sala Valle Inclán 17/01/2008     D-6575 901079127 23/02/2023 23/02/2023 Libro impreso